| 000 | 03616cgm a2200829Ii 4500 | ||
|---|---|---|---|
| 001 | on1048926269 | ||
| 003 | OCoLC | ||
| 005 | 20181017094233.0 | ||
| 007 | vd cvaizu | ||
| 008 | 180820p20182017xxu085 vleng d | ||
| 040 |
_aTEFMT _beng _erda _cTEFMT _dOCLCO _dTEF _dOCLCO _dOCLCF _dJAS _dPBJ _dUINTA |
||
| 024 | 1 | _a767685159224 | |
| 028 | 4 | 2 |
_aHM5922 _bHallmark Channel |
| 035 | _a(OCoLC)1048926269 | ||
| 041 | 1 |
_aeng _jeng _heng |
|
| 046 |
_as _k2017 _2edtf |
||
| 050 | 4 |
_aPN1992.77 _b.M34 2018 |
|
| 082 | 0 | 4 |
_a791.43/72 _223 |
| 049 | _aUCLB | ||
| 245 | 0 | 0 |
_aMaggie's Christmas miracle / _cHallmark Original Movie ; writers, Karen Kingsbury & Tyler Russell and Maria Nation ; producer, Kim Arnott ; director, Michael Robison. |
| 264 | 1 |
_a[United States] : _bHallmark Channel, _c[2018] |
|
| 300 |
_a1 videodisc (85 min.) : _bsound, color ; _c4 3/4 in. |
||
| 336 | _atwo-dimensional moving image | ||
| 337 | _avideo | ||
| 338 | _avideodisc | ||
| 344 |
_adigital _2rdatr |
||
| 344 |
_boptical _2rdarm |
||
| 344 |
_gsurround _2rdacpc |
||
| 344 | _hDolby Digital 5.1 | ||
| 346 |
_bNTSC _2rdabs |
||
| 347 |
_avideo file _2rdaft |
||
| 347 |
_eregion 1 _2rdare |
||
| 347 | _bDVD video | ||
| 380 |
_aMade-for-TV movies _2lcgft |
||
| 490 | 1 | _aHallmark holiday collection | |
| 538 | _aDVD, widescreen ; Dolby Digital 5.1 ; region 1 ; closed captioned. | ||
| 546 | _aEnglish subtitled for the deaf and hard of hearing (SDH). | ||
| 500 | _aTitle from container. | ||
| 511 | 1 | _aJill Wagner, Luke MacFarlane, Lauren Guci. | |
| 508 | _aMusic, Hamish Thomson ; editor, Lara Mazur ; director of photography, Chris Kempinski. | ||
| 500 | _aBased on the book by Karen Kingsbury. | ||
| 500 | _aOriginally produced in 2017. | ||
| 500 | _aWide screen. | ||
| 521 | 8 | _aRating: TV-G. | |
| 520 | _aSingle mom Maggie is trying to maintain the balance of being devoted to son Jordan while having a career. Jordan needs help at school and meets Casey, a tutor. They quickly bond, and Casey becomes more like a father figure. What he wishes most, however, is for his mom to find happiness and love again at Christmas. With the help of faith and fate, Maggie discovers anything is possible. | ||
| 650 | 0 |
_aSingle mothers _vDrama. |
|
| 650 | 0 |
_aMothers and sons _vDrama. |
|
| 650 | 0 |
_aMan-woman relationships _vDrama. |
|
| 650 | 7 |
_aMan-woman relationships. _2fast _0(OCoLC)fst01007080 |
|
| 650 | 7 |
_aMothers and sons. _2fast _0(OCoLC)fst01027007 |
|
| 650 | 7 |
_aSingle mothers. _2fast _0(OCoLC)fst01119370 |
|
| 655 | 7 |
_aMade-for-TV movies. _2lcgft |
|
| 655 | 7 |
_aRomance films. _2lcgft |
|
| 655 | 7 |
_aChristmas films. _2lcgft |
|
| 655 | 7 |
_aFiction films. _2lcgft |
|
| 655 | 7 |
_aVideo recordings for the hearing impaired. _2lcgft |
|
| 655 | 7 |
_aChristmas films. _2fast _0(OCoLC)fst01710287 |
|
| 655 | 7 |
_aDrama. _2fast _0(OCoLC)fst01423879 |
|
| 655 | 7 |
_aFiction films. _2fast _0(OCoLC)fst01710264 |
|
| 655 | 7 |
_aMade-for-TV movies. _2fast _0(OCoLC)fst01710404 |
|
| 655 | 7 |
_aRomance films. _2fast _0(OCoLC)fst01710332 |
|
| 655 | 7 |
_aVideo recordings for the hearing impaired. _2fast _0(OCoLC)fst01710450 |
|
| 700 | 1 |
_aRobison, Michael, _efilm director. |
|
| 700 | 1 |
_aWagner, Jill, _d1979- _eactor. |
|
| 700 | 1 |
_aMacFarlane, Luke, _eactor. |
|
| 700 | 1 |
_aGuci, Lauren, _eactor. |
|
| 700 | 1 |
_aThomson, Hamish, _ecomposer. |
|
| 700 | 1 |
_iMotion picture adaptation of (work): _aKingsbury, Karen. _tMaggie's Christmas miracle. |
|
| 710 | 2 |
_aHallmark Channel (Television network), _ebroadcaster. |
|
| 830 | 0 | _aHallmark Channel holiday collection. | |
| 994 |
_aC0 _bUINTA |
||
| 999 |
_c237754 _d237754 |
||